LEADER 05857oam 2200745I 450 001 9910455812503321 005 20200520144314.0 010 $a1-136-54699-5 010 $a1-282-78918-X 010 $a9786612789182 010 $a1-84977-427-7 010 $a1-4175-2247-X 024 7 $a10.4324/9781849774277 035 $a(CKB)111090529263846 035 $a(EBL)585449 035 $a(OCoLC)55891993 035 $a(SSID)ssj0000240115 035 $a(PQKBManifestationID)11924953 035 $a(PQKBTitleCode)TC0000240115 035 $a(PQKBWorkID)10251565 035 $a(PQKB)10246568 035 $a(MiAaPQ)EBC585449 035 $a(Au-PeEL)EBL585449 035 $a(CaPaEBR)ebr10420028 035 $a(CaONFJC)MIL278918 035 $a(EXLCZ)99111090529263846 100 $a20180706d2003 uy 0 101 0 $aeng 135 $aur|n|---||||| 181 $ctxt 182 $cc 183 $acr 200 10$aRural planning in developing countries $esupporting natural resource management and sustainable livelihoods /$fBarry Dalal-Clayton, David Dent, and Olivier Dubois 210 1$aLondon ;$aSterling, Va. :$cEarthscan,$d2003. 215 $a1 online resource (249 p.) 300 $aPublished in association with the International Institute for Environment and Development. 311 $a1-85383-939-6 311 $a1-85383-938-8 320 $aIncludes bibliographical references (p. [201]-218) and index. 327 $aRural Planning in Developing CountriesSupporting Natural Resource Management and Sustainable Livelihoods; Copyright; Contents; List of figures, boxes and tables; About the authors; Preface; Acknowledgements; Authors' note; List of acronyms and abbreviations; Introduction; 1 Lessons from experience; Rural planning: perspectives, concepts and the objectives and roles of government; Experience of regional planning; A move to decentralized rural and regional planning; Focus on poverty and rural livelihoods; Sustainable livelihoods; Stakeholders; Land tenure; Security of tenure 327 $aCoordinating tenure incentives and disincentivesRural-urban linkages; Income diversification; Migration; Implications for planning; The dilemma of planning for the urban-rural interface; 2 Conventional, technical planning approaches; Resource surveys for planning; Land evaluation; Land capability classification; The USBR system; FAO framework for land evaluation; Parametric indices; Process models; Financial and economic evaluation; Strategic land evaluation; Land use planning; Sectoral plans; Land allocation procedures; Multiple criteria analysis; Resource management domains 327 $aLand use planning experience in developing countriesFAO guidelines for land use planning; Faith in negotiation; Impact assessment; Decentralized district planning; Some planning responses to the challenge of sustainable development; Techniques; National and regional planning exercises; Sustainable development strategies; National strategies; Sub-national strategies; Local-level strategies; Some common features of existing strategic planning processes; Guidance on strategies for sustainable development; A continual learning approach; Sustainable development indicators 327 $aPros and cons of conventional approachesCommon limitations of natural resource surveys; Terms of reference; Comprehension; Usefulness; Inappropriate planning methods and inappropriate data: a failure of institutions; 3 Approaches to participation in planning; The need for participation; Perceptions of participation; Horizontal and vertical participation; Participatory learning and action; Participatory planning; Examples of local-level resource planning; Scaling-up and linking bottom-up and top-down planning; Regional rural development; Rapid district appraisal (RDA) 327 $aParticipatory approaches in large-scale projectsThe catchment approach; NGOs as catalysts; The gestion de terroir approach in francophone West Africa; Participatory planning in Latin America; Approaches in the forestry sector; Landcare in Australia; Limitations of participation; The quality of information; Costs of participation; Great expectations; Dealing with power; Conclusions; 4 A basis for collaborating; The natural resources battlefield; Constraints and opportunities for collaboration; Concepts and methods in collaborative management of natural resources; Stakeholders 327 $aDonors as stakeholders 330 $aThis book provides an international perspective on rural planning, focused on developing countries. It examines conventional development planning and innovative local planning approaches, drawing together lessons from recent experience of rural planning and land use. The authors examine past and current practice and ways that land use planning and management of natural resources can underpin sustainable local livelihoods. They draw on case studies from Africa, Asia and Latin America to present findings relevant throughout the developing world. 606 $aRural development$xEnvironmental aspects$zDeveloping countries 606 $aNatural resources$zDeveloping countries$xManagement 606 $aSustainable development$zDeveloping countries 608 $aElectronic books. 615 0$aRural development$xEnvironmental aspects 615 0$aNatural resources$xManagement. 615 0$aSustainable development 676 $a307.1/412/091724 700 $aDalal-Clayton$b D. B$g(D. Barry),$0938768 701 $aDent$b David$085984 701 $aDubois$b Olivier$f1957-$0938769 712 02$aInternational Institute for Environment and Development. 801 0$bMiAaPQ 801 1$bMiAaPQ 801 2$bMiAaPQ 906 $aBOOK 912 $a9910455812503321 996 $aRural planning in developing countries$92115851 997 $aUNINA LEADER 04452nam 2200697Ia 450 001 9910784717903321 005 20230417174547.0 010 $a0-19-756052-0 010 $a1-280-52713-7 010 $a9786610527137 010 $a0-19-535889-9 010 $a1-4294-0787-5 035 $a(CKB)1000000000406015 035 $a(EBL)271224 035 $a(OCoLC)270932816 035 $a(SSID)ssj0000128073 035 $a(PQKBManifestationID)11147845 035 $a(PQKBTitleCode)TC0000128073 035 $a(PQKBWorkID)10064184 035 $a(PQKB)11375441 035 $a(MiAaPQ)EBC271224 035 $a(StDuBDS)EDZ0002341666 035 $a(Au-PeEL)EBL271224 035 $a(CaPaEBR)ebr10142127 035 $a(CaONFJC)MIL52713 035 $a(OCoLC)936850575 035 $a(EXLCZ)991000000000406015 100 $a19930416d1993 uy 0 101 0 $aeng 135 $aur|n|---||||| 181 $ctxt$2rdacontent 182 $cc$2rdamedia 183 $acr$2rdacarrier 200 00$aComputers in geology $e25 years of progress /$feditors, John C. Davis, Ute Christina Herzfeld 210 1$aNew York :$cOxford University Press,$d1993. 215 $a1 online resource (316 pages) $cillustrations (black and white, and colour) 225 1 $aInternational Association for Mathematical Geology studies in mathematical geology ;$v5 300 $aPreviously issued in print: 1993. 311 0 $a0-19-508593-0 320 $aIncludes bibliographical references and index. 327 $aContents; 1. Introduction; 2. Weights of Evidence Modeling and Weighted Logistic Regression for Mineral Potential Mapping; 3. Gold Prospecting with Factorial Cokriging in the Limousin, France; 4. Recent Experiences with Prospector II; 5. Correspondence Analysis in Heavy Mineral Interpretation; 6. Mathematics Between Source and Trap: Uncertainty in Hydrocarbon Migration Modeling; 7. Risk Analysis of Petroleum Prospects; 8. Characteristic Analysis as an Oil Exploration Tool; 9. Information Management and Mapping System for Subsurface Stratigraphic Analysis 327 $a10. Automated Correlation Based on Markov Analysis of Vertical Successions and Walther's Law; 11. Milankovitch Cyclicity in the Stratigraphic Record-A Review; 12. Can the Ginsburg Model Generate Cycles?; 13. Quantitative Genetics in Paleontology: Evolution in Tertiary Ostracoda; 14. An Integrated Approach to Forward Modeling Carbonate Platform Development; 15. Principal Component Analysis of Three-Way Data; 16. A Solution to the Percentage-Data Problem in Petrology; 17. Amplitude and Phase in Map and Image Enhancement; 18. Fractals in Geosciences-Challenges and Concerns 327 $a19. An Executable Notation, with Illustrations from Elementary Crystallography; 20. Uncertainty in Geology; 21. Expert Systems in Environmental Geology; 22. From Multivariate Sampling to Thematic Maps with an Application to Marine Geochemistry; 23. The Kinematics of Paleo Landforms; 24. R. G .V. Eigen: Legendary Father of Mathematical Geology; Index 330 8 $aThis volume vividly demonstrates the importance and increasing breadth of quantitative methods in the earth sciences. With contributions from an international cast of leading practitioners, chapters cover a wide range of state-of-the-art methods and applications, including computer modeling and mapping techniques. Many chapters also contain reviews and extensive bibliographies which serve to make this an invaluable introduction to the entire field. In addition to its detailed presentations, the book includes chapters on the history of geomathematics and on R.G.V. Eigen, the "father" of mathematical geology. Written to commemorate the 25th anniversary of the International Association for Mathematical Geology, the book will be sought after by both practitioners and researchers in all branches of geology. 410 0$aStudies in mathematical geology ;$v5. 606 $aGeology$xData processing 606 $aGeology$xMathematics$xData processing 615 0$aGeology$xData processing. 615 0$aGeology$xMathematics$xData processing. 676 $a550.285 676 $a550/.285 676 $a551.0285 701 $aDavis$b John C$0204476 701 $aHerzfeld$b Ute Christina$01578941 801 0$bMiAaPQ 801 1$bMiAaPQ 801 2$bMiAaPQ 906 $aBOOK 912 $a9910784717903321 996 $aComputers in geology$93858640 997 $aUNINA